| 000 | 00391nam a22001457a 4500 | ||
|---|---|---|---|
| 090 | _c10160 | ||
| 008 | 080908t xxu||||| |||| 00| 0 eng d | ||
| 020 | _a0304935395 | ||
| 082 |
_220 _a620 _bPAG |
||
| 245 |
_aScience For Mechanical Technicians. Book2 / _cM.G. Page. |
||
| 250 | _bSI Metric ed. | ||
| 260 |
_aLondon: _bCassell, _cc.1970. |
||
| 300 |
_a226p: _bill; _c20cm. |
||
| 942 |
_2ddc _cBB |
||
| 999 |
_c10160 _d10160 |
||